[Event "45th GER-ch Rapid 2019"]
[Site "Neumarkt in der Oberpfalz"]
[Date "2019.09.21"]
[Round "5.2"]
[White "Vogel, Roven"]
[Black "Heimann, Andreas"]
[Result "1/2-1/2"]
[WhiteElo "2465"]
[BlackElo "2624"]
[Annotator "TA"]
[PlyCount "112"]
[EventDate "2019.09.21"]
[EventType "swiss"]
[EventCountry "GER"]
[SourceTitle "playchess.com"]
[Source "ChessBase"]
[SourceQuality "1"]

{[%evp 18,112,7,5,2,-10,-8,-15,-27,-29,-31,-32,-33,-43,-14,-41,-37,-48,-50,-44,-40,-61,-47,-47,-36,-35,-35,-39,-38,-36,-36,-77,-77,-82,-58,-54,-54,-62,-62,-136,-58,-58,-52,-110,-102,-101,-102,-189,-189,-210,-200,-487,-232,-255,-98,-110,-62,-101,-99,-94,-17,-57,-17,-11,-13,-23,0,-76,-20,-20,0,-220,-202,-161,-45,-52,-42,-56,-63,-36,-14,-35,0,0,0,0,0,-8,-8,-8,-8,-8,-8,-8,-8,-8,-8]} 1. d4 Nf6 2. c4 e6 3. Nf3 d5 4. e3 Be7 5. Nc3 O-O 6. Bd3 dxc4 7. Bxc4 c5 8. O-O Nc6 9. dxc5 Bxc5 10. a3 Bd6 {D40: Queen's Gambit Declined: Semi-Tarrasch with 5 e3} (10... Qxd1 11. Rxd1 b6 12. b4 Be7 13. Bb2 Bb7 14. Rac1 Rfd8 15. Kf1 Kf8 {½-½ (15) Tarlev,K (2557)-Lupulescu,C (2601) Sovata 2018}) 11. e4 Ne5 12. Nxe5 $146 ({Predecessor:} 12. Ba2 Qc7 13. Nd4 Neg4 14. g3 Bc5 15. Nb3 Bb6 16. Qe2 Qe5 17. Kg2 Qh5 18. h3 e5 19. Na4 Ne3+ {0-1 (19) Jagodzinski,W-Trincardi,T Reggio Emilia 1966}) 12... Bxe5 13. Qe2 Bd7 14. Bd3 Bc6 15. Kh1 Qc7 16. f4 Bxc3 17. bxc3 Rfd8 18. e5 Nd5 19. c4 Ne7 $1 20. Be3 Nf5 21. Bf2 Rd7 22. Qc2 g6 23. Rfd1 Rad8 24. Bf1 ({Wrong is} 24. Bxa7 $2 b6 $19) 24... Qa5 $1 {Threatens to win with ...Ba4.} 25. Be1 Rxd1 26. Rxd1 Rxd1 27. Qxd1 Qxa3 28. Bf2 (28. Qd8+ $15 Qf8 29. Qxf8+ Kxf8 30. Kg1) 28... b6 (28... h5 $17 29. Kg1 Ne3) 29. Qd8+ $15 Qf8 30. Qc7 (30. Qxf8+ $15 Kxf8 31. h3) 30... Qa8 $17 31. Kg1 h5 32. g3 (32. h3 $17 {was worth a try.}) 32... Kg7 $1 $19 33. h3 Bf3 34. Kh2 $2 (34. c5) 34... Qe4 (34... a5 $142 {Strongly threatening ...a4.} 35. Qxb6 a4) 35. Qxa7 {[#]} Ne3 $2 (35... h4 $1 $19 {[%cal Rh4g3][%mdl 512] and Black stays clearly on top.} 36. gxh4 Qxf4+ 37. Kg1 Ng3 38. Qxb6 Nxf1 39. Kxf1 Qxc4+ 40. Kg1 Qc1+ 41. Kh2 Qh1+ 42. Kg3 Qg2+ 43. Kf4 Qxh3) 36. Qa1 $17 h4 37. Qc1 hxg3+ 38. Kxg3 Nf5+ 39. Kh2 g5 40. fxg5 Qxe5+ 41. Kg1 Kg6 42. Qb1 {[#]} (42. Qd2 $11 {remains equal.}) 42... Bc6 (42... Qf4 $1 $17 {And now ...Be4 would win.} 43. Bd3 Qxg5+ 44. Kf1 f6) 43. Qd3 $11 Qf4 44. Bxb6 $2 (44. Qd8 $11 Qxg5+ 45. Qxg5+ Kxg5 46. Bxb6) 44... Qxg5+ $19 45. Kf2 {[#]} Qf4+ ({Black should try} 45... e5 $1 $19 {[%cal Re5e4] aiming for ...e4.} 46. Qd8 Qg3+ 47. Ke2 Bg2 48. Bxg2 Qxg2+ 49. Kd3 e4+ 50. Kc3 Qxh3+ 51. Kb4 Qh2) 46. Ke1 $15 Be4 47. Qd2 Qg3+ 48. Bf2 Qb3 49. h4 f6 50. Be2 {The position is equal.} Bf3 51. Bd3 Kh5 52. Bxf5 exf5 53. Bd4 Qxc4 54. Kf2 Kg4 55. Bxf6 {White threatens Qg5+ and mate.} Qf4 56. Qxf4+ Kxf4 {Accuracy: White = 48%, Black = 54%.} 1/2-1/2

[Event "45th GER-ch Rapid 2019"]
[Site "Neumarkt in der Oberpfalz"]
[Date "2019.09.21"]
[Round "5.3"]
[White "Beesk, Kevin"]
[Black "Schenderowitsch, Michael"]
[Result "0-1"]
[WhiteElo "1969"]
[BlackElo "2334"]
[Annotator "RC"]
[PlyCount "152"]
[EventDate "2019.09.21"]
[EventType "swiss"]
[EventCountry "GER"]
[SourceTitle "playchess.com"]
[Source "ChessBase"]
[SourceQuality "1"]
[TimeControl "900+10"]

1. Nc3 {[%emt 0:00:00]} d5 {[%emt 0:00:00]} 2. e4 {[%emt 0:00:00]} e6 {[%emt 0:00:00]} 3. g3 {[%emt 0:00:00]} c5 {[%emt 0:01:17]} 4. Bg2 {[%emt 0:00:06]} dxe4 {[%emt 0:00:23]} 5. Nxe4 {[%emt 0:00:04]} Nc6 {[%emt 0:00:04]} 6. d3 {[%emt 0:00:58]} Nge7 {[%emt 0:02:36]} 7. Nf3 {[%emt 0:00:23]} Nf5 {[%emt 0:00:54]} 8. O-O {[%emt 0:00:11]} Be7 {[%emt 0:00:02]} 9. Re1 {[%emt 0:00:31]} O-O {[%emt 0:00:06]} 10. Bd2 {[%emt 0:00:51]} Qc7 {[%emt 0:03:30]} 11. Bc3 {[%emt 0:00:40]} Nfd4 {[%emt 0:00:50]} 12. h4 {[%emt 0:03:46]} e5 {[%emt 0:01:01]} 13. Bd2 {[%emt 0:01:36]} Bg4 {[%emt 0:00:22]} 14. c3 {[%emt 0:00:21]} Ne6 {[%emt 0:00:18]} 15. Qc2 {[%emt 0:01:03]} h6 {[%emt 0:00:29]} 16. Nh2 {[%emt 0:01:00]} Bf5 {[%emt 0:00:02]} 17. Rad1 {[%emt 0:00:20]} Rad8 {[%emt 0:00:08]} 18. Bc1 {[%emt 0:00:49]} Bg6 {[%emt 0:00:23]} 19. Qe2 {[%emt 0:01:46]} Qd7 {[%emt 0:02:52]} 20. Bf1 {[%emt 0:00:02]} Rfe8 {[%emt 0:00:17]} 21. h5 {[%emt 0:00:23]} Bh7 {[%emt 0:00:32]} 22. Nf3 {[%emt 0:00:56]} Nf8 {[%emt 0:00:29]} 23. Kh2 {[%emt 0:00:40]} Bf5 {[%emt 0:00:06]} 24. Nh4 {[%emt 0:00:44]} Bg4 {[%emt 0:00:26]} 25. f3 {[%emt 0:00:01]} Bxh5 {[%emt 0:00:08]} 26. Bh3 {[%emt 0:00:02]} Qc7 {[%emt 0:00:26]} 27. Nf5 {[%emt 0:00:25]} Bg6 {[%emt 0:00:16]} 28. Qe3 {[%emt 0:01:10]} Bxf5 {[%emt 0:00:08]} 29. Bxf5 {[%emt 0:00:01]} Nh7 {[%emt 0:00:21]} 30. Kg2 {[%emt 0:00:10]} Ng5 {[%emt 0:00:25]} 31. Rh1 {[%emt 0:00:18]} b6 {[%emt 0:00:10]} 32. Rdg1 {[%emt 0:00:20]} Rd5 {[%emt 0:00:21]} 33. Nf2 {[%emt 0:00:15]} Qd8 {[%emt 0:00:22]} 34. Be4 {[%emt 0:00:07]} Rd6 {[%emt 0:00:10]} 35. f4 {[%emt 0:00:09]} exf4 {[%emt 0:00:05]} 36. gxf4 {[%emt 0:00:06]} Nxe4 {[%emt 0:00:05]} 37. dxe4 {[%emt 0:00:11]} Rg6+ {[%emt 0:00:21]} 38. Kf1 {[%emt 0:00:02]} Rxg1+ {[%emt 0:00:11]} 39. Rxg1 {[%emt 0:00:01]} Bf8 {[%emt 0:00:12]} 40. Qh3 {[%emt 0:00:10]} Qd6 {[%emt 0:00:24]} 41. Ke2 {[%emt 0:00:25]} Qe6 {[%emt 0:00:01]} 42. f5 {[%emt 0:00:08]} Qc4+ {[%emt 0:00:03]} 43. Qd3 {[%emt 0:00:23]} Qxd3+ {[%emt 0:00:00]} 44. Kxd3 {[%emt 0:00:01]} Ne5+ {[%emt 0:00:01]} 45. Kc2 {[%emt 0:00:10]} Kh7 {[%emt 0:01:13]} 46. Rh1 {[%emt 0:00:19]} c4 {[%emt 0:00:39]} 47. Nh3 {[%emt 0:00:46]} Rd8 {[%emt 0:00:16]} 48. Bf4 {[%emt 0:00:12]} Nd3 {[%emt 0:00:03]} 49. Be3 {[%emt 0:00:13]} Re8 {[%emt 0:00:01]} 50. Bd4 {[%emt 0:00:40]} Kg8 {[%emt 0:00:08]} 51. e5 {[%emt 0:00:01]} Nxe5 {[%emt 0:00:06]} 52. Re1 {[%emt 0:00:09]} Bd6 {[%emt 0:00:09]} 53. Nf4 {[%emt 0:00:09]} Kf8 {[%emt 0:00:07]} 54. Nh5 {[%emt 0:00:06]} f6 {[%emt 0:00:14]} 55. Nf4 {[%emt 0:00:01]} Kf7 {[%emt 0:00:58]} 56. Bxe5 {[%emt 0:00:28]} fxe5 {[%emt 0:01:04]} 57. Nh5 {[%emt 0:00:15]} Rd8 {[%emt 0:00:11]} 58. Rg1 {[%emt 0:00:03]} Bf8 {[%emt 0:00:01]} 59. Re1 {[%emt 0:00:18]} Rd5 {[%emt 0:00:07]} 60. b3 {[%emt 0:00:03]} cxb3+ {[%emt 0:01:06]} 61. axb3 {[%emt 0:00:01]} a5 {[%emt 0:00:31]} 62. Ng3 {[%emt 0:00:16]} Be7 {[%emt 0:00:18]} 63. Ne4 {[%emt 0:00:05]} Bf6 {[%emt 0:00:08]} 64. Rh1 {[%emt 0:00:14]} Rd8 {[%emt 0:00:06]} 65. Rh2 {[%emt 0:00:07]} Be7 {[%emt 0:00:07]} 66. Rh3 {[%emt 0:00:13]} b5 {[%emt 0:00:06]} 67. Rg3 {[%emt 0:00:26]} a4 {[%emt 0:00:54]} 68. bxa4 {[%emt 0:00:39]} bxa4 69. Rg6 {[%emt 0:00:10]} Ra8 {[%emt 0:00:23]} 70. Rb6 {[%emt 0:00:04]} a3 {[%emt 0:00:16]} 71. Kb1 {[%emt 0:00:01]} Ra4 {[%emt 0:00:07]} 72. Nd2 {[%emt 0:00:35]} h5 {[%emt 0:00:15]} 73. Rb7 {[%emt 0:00:05]} h4 {[%emt 0:00:19]} 74. Nf3 {[%emt 0:00:30]} Ke8 {[%emt 0:00:15]} 75. Nxe5 {[%emt 0:00:04]} Bf6 {[%emt 0:00:26]} 76. Ng6 {[%emt 0:00:24]} a2+ {[%emt 0:00:07]} 0-1

[Event "45th GER-ch Rapid 2019"]
[Site "Neumarkt in der Oberpfalz"]
[Date "2019.09.21"]
[Round "5.4"]
[White "Promyshlyanskiy, Vitaliy"]
[Black "Schilay, Lorenz"]
[Result "1-0"]
[WhiteElo "2275"]
[BlackElo "1871"]
[Annotator "NA"]
[PlyCount "46"]
[EventDate "2019.09.21"]
[EventType "swiss"]
[EventCountry "GER"]
[SourceTitle "playchess.com"]
[Source "ChessBase"]
[SourceQuality "1"]
[TimeControl "900+10"]

1. e4 {[%emt 0:00:00]} e5 {[%emt 0:00:00]} 2. Nf3 {[%emt 0:00:00]} Nc6 {[%emt 0:00:00]} 3. Bb5 {[%emt 0:00:00]} a6 {[%emt 0:00:00]} 4. Ba4 {[%emt 0:00:00]} d6 {[%emt 0:00:00]} 5. Bxc6+ {[%emt 0:00:12]} bxc6 {[%emt 0:00:00]} 6. d4 {[%emt 0:00:10]} exd4 {[%emt 0:00:12]} 7. Nxd4 {[%emt 0:00:06]} Bb7 {[%emt 0:00:12]} 8. Nc3 {[%emt 0:00:20]} Be7 {[%emt 0:00:15]} 9. Be3 {[%emt 0:00:37]} d5 {[%emt 0:00:21]} 10. Nf5 {[%emt 0:00:29]} Bf6 {[%emt 0:00:07]} 11. Bd4 {[%emt 0:01:09]} dxe4 {[%emt 0:00:26]} 12. Nxg7+ {[%emt 0:00:51]} Kf8 {[%emt 0:00:01]} 13. Bxf6 {[%emt 0:02:03]} Qxf6 {[%emt 0:00:03]} 14. Nh5 {[%emt 0:00:05]} Qg5 {[%emt 0:00:09]} 15. Qd4 {[%emt 0:02:38]} Rd8 {[%emt 0:03:21]} 16. Qxh8 {[%emt 0:00:10]} Qxg2 {[%emt 0:00:22]} 17. Qg7+ {[%emt 0:00:24]} Qxg7 {[%emt 0:00:04]} 18. Nxg7 {[%emt 0:00:01]} Kxg7 {[%emt 0:00:02]} 19. Rg1+ {[%emt 0:00:04]} Kf8 {[%emt 0:00:08]} 20. Nxe4 {[%emt 0:00:21]} Re8 {[%emt 0:00:03]} 21. O-O-O {[%emt 0:00:03]} Rxe4 {[%emt 0:00:07]} 22. Rd8+ {[%emt 0:00:02]} Ke7 {[%emt 0:00:01]} 23. Rgxg8 {[%emt 0:00:18]} Bc8 {[%emt 0:12:56]} 1-0

[Event "45th GER-ch Rapid 2019"]
[Site "Neumarkt in der Oberpfalz"]
[Date "2019.09.22"]
[Round "6.1"]
[White "Feuerstack, Aljoscha"]
[Black "Donchenko, Alexander"]
[Result "0-1"]
[WhiteElo "2449"]
[BlackElo "2631"]
[Annotator "TA"]
[PlyCount "90"]
[EventDate "2019.09.21"]
[EventType "swiss"]
[EventCountry "GER"]
[SourceTitle "playchess.com"]
[Source "ChessBase"]
[SourceQuality "1"]

{[%evp 10,89,22,30,25,34,21,-57,25,37,36,30,36,36,36,37,37,41,110,114,95,114,121,110,144,80,144,85,108,100,104,103,109,106,118,115,135,126,206,203,150,108,124,105,104,101,110,90,174,78,78,79,96,82,70,64,105,93,97,100,91,88,95,38,88,78,95,89,81,8,19,0,0,0,0,-8,-12,-29996,-193,-29997,-29998,-29999]} 1. e4 c6 2. Nc3 d5 3. Nf3 dxe4 4. Nxe4 Nf6 5. Qe2 Nxe4 6. Qxe4 Qd5 {B11: Caro-Kann: Two Knights Variation} (6... Qa5 7. Bd3 Na6 8. Qe5 Qxe5+ 9. Nxe5 Nb4 10. Be4 f6 11. c3 Nd5 12. Nf3 a5 13. d4 a4 14. Bd2 {½-½ (41) Adams,M (2703)-Howell,D (2696) London 2018}) 7. Qf4 Qf5 8. d4 (8. d3 $11) 8... Qxf4 (8... Qxc2 $15 9. Ne5 Bf5) 9. Bxf4 $11 Bf5 10. O-O-O e6 11. Nh4 Bg4 $146 ({Predecessor:} 11... Bg6 12. Nxg6 hxg6 13. c4 Nd7 14. d5 cxd5 15. cxd5 {1-0 (41) Curi,G (2159)-Pichuaga,J (2027) Montevideo 2019}) 12. f3 Bh5 13. g4 $36 {[%mdl 2048] White has some pressure.} Be7 (13... Bg6 $1 $14) 14. Nf5 $1 $16 {[%cal Rf5g7]} exf5 15. gxh5 O-O 16. Rg1 {aiming for Bh6.} Rd8 {[#]} 17. Bh3 ({White should try} 17. Bh6 $1 g6 18. Bd3) 17... Bf6 (17... Nd7 $142) 18. Be5 ({White should play} 18. Bxf5 Na6 19. c3) 18... Bxe5 19. dxe5 {[%cal Rd1d8]} Nd7 20. f4 Nb6 21. Bxf5 Nd5 22. Rd4 c5 23. Re4 Re8 (23... Ne7 $16) 24. Rd1 $18 Rad8 25. Bh3 Kf8 26. Bg2 b6 27. Bf3 Nc7 28. c3 h6 (28... Rxd1+ $16 29. Kxd1 Rd8+ 30. Kc2 Nd5) 29. f5 (29. Rd6 $18 {is more deadly.}) 29... Rxd1+ $16 30. Kxd1 {[%mdl 4096] Endgame KRB-KRN} Nd5 31. Kc2 Ne7 32. Rf4 Rd8 33. f6 Nd5 34. fxg7+ Kxg7 35. Rg4+ Kf8 {Threatens to win with ...Ne3+.} 36. Kb3 (36. Ra4 $16) 36... Ke7 37. Ra4 a5 38. Re4 Nc7 39. Rf4 (39. Kc2 $16) 39... Rd2 $11 40. Rf6 a4+ 41. Kxa4 Rxb2 {White must now prevent ...Nb5.} 42. Rxh6 Nb5 43. Bc6 $2 {[%mdl 8192]} (43. Be4 $11) 43... Nxc3+ {[%mdl 64] Double Attack} 44. Ka3 {[#]} Rb4 $1 {[%cal Rc3b1]} 45. Be4 Nb5# {Accuracy: White = 46%, Black = 64%.} 0-1

[Event "45th GER-ch Rapid 2019"]
[Site "Neumarkt in der Oberpfalz"]
[Date "2019.09.22"]
[Round "6.2"]
[White "Heimann, Andreas"]
[Black "Poetsch, Hagen"]
[Result "1/2-1/2"]
[WhiteElo "2624"]
[BlackElo "2516"]
[Annotator "TA"]
[PlyCount "99"]
[EventDate "2019.09.21"]
[EventType "swiss"]
[EventCountry "GER"]
[SourceTitle "playchess.com"]
[Source "ChessBase"]
[SourceQuality "1"]

{[%evp 16,99,14,26,12,12,1,-7,12,-18,-20,-27,-36,-30,-13,-41,-43,-44,-41,-32,-27,-50,-56,-77,0,-33,-49,-95,-96,-93,-95,-97,-93,-93,-93,-101,-96,-93,-93,-93,-87,-87,-89,-93,-71,-102,-106,-166,-158,-185,-154,-152,-161,-182,-177,-158,-182,-172,-180,-435,-435,-416,-429,-392,-364,-465,-393,-534,-485,-478,-477,-452,-222,-217,-210,-302,-200,-407,-403,-381,-381,-354,-322,-309,0,-71]} 1. d4 d5 2. c4 c6 3. Nf3 Nf6 4. Nc3 dxc4 5. a4 e6 6. e3 c5 7. Bxc4 cxd4 8. exd4 Nc6 9. O-O Be7 {D16: Slav Defence: 5 a4: Lines with 5...Bg4 and 5...Na6} 10. Bg5 O-O 11. Re1 (11. Qd2 b6 12. d5 Na5 13. Ba2 Nxd5 14. Nxd5 exd5 15. Bxe7 Qxe7 16. b4 Nc4 17. Qxd5 {0-1 (79) Navara,D (2740)-Grandelius,N (2655) Porto Carras 2018}) 11... h6 12. Bh4 b6 13. Qd2 Bb7 14. Rad1 Na5 15. Be2 $146 ({Predecessor:} 15. Ba2 Bxf3 16. gxf3 Rc8 17. Qd3 {0-1 (30) Zawadzki,S (2436)-Malakhatko,V (2600) Cappelle-la-Grande 2008}) 15... Rc8 16. Ne5 Nd5 17. Bxe7 Qxe7 18. Nxd5 Bxd5 19. Bf3 Rfd8 (19... Bxf3 $17 20. Nxf3 Nc4) 20. Bxd5 (20. Bh5 $5 {[%cal Rh5f7]} Rf8 21. Qf4 $15) 20... Rxd5 21. Rc1 Rcd8 22. Qc3 {Black should prevent b4.} Rxd4 23. Qc7 Qxc7 24. Rxc7 f6 $1 {[%cal Rf6e5]} 25. Nf3 R4d7 $36 {[%mdl 2048] Black is on the roll.} 26. Rxd7 Rxd7 27. Rxe6 $17 {[%mdl 4096] Endgame KRN-KRN} Kf7 28. Re1 Nb3 29. Kf1 g5 30. g4 Nc5 31. Ra1 (31. a5 $17) 31... Rd3 $19 32. Kg2 Rb3 33. a5 Rxb2 34. axb6 axb6 {[%cal Ba7b6,Bb6b5,Bb5b4,Bb4b3][%mdl 32]} 35. Nd4 Rb4 $1 {[%cal Rb4d4]} 36. Rd1 Ne6 37. Nxe6 $2 (37. Nf5) 37... Kxe6 {KR-KR} 38. Kg3 b5 39. Rd8 Rf4 40. h4 b4 41. h5 Ke7 42. Rd5 Rc4 43. f3 Rc1 (43... b3 $142 44. Rb5 Rc3) 44. Rb5 {[#]} Rb1 $1 45. Rb6 (45. Kf2 $142) 45... b3 46. Kg2 $2 (46. Kf2 {only move.}) 46... Kd7 47. Rxf6 Kc7 48. Rf7+ Kc6 49. Rf8 {[#]} Kc7 $2 (49... Kb7 $1 $19 50. Rf7+ Kc6) 50. Rf7+ {Accuracy: White = 38%, Black = 72%.} 1/2-1/2

[Event "45th GER-ch Rapid 2019"]
[Site "Neumarkt in der Oberpfalz"]
[Date "2019.09.22"]
[Round "6.3"]
[White "Loew, Gerald"]
[Black "Beesk, Kevin"]
[Result "1/2-1/2"]
[WhiteElo "2162"]
[BlackElo "1969"]
[Annotator "TA"]
[PlyCount "233"]
[EventDate "2019.09.21"]
[EventType "swiss"]
[EventCountry "GER"]
[SourceTitle "playchess.com"]
[Source "ChessBase"]
[SourceQuality "1"]

{[%evp 10,233,0,-2,7,3,0,3,3,-5,2,0,-5,-6,18,7,15,13,41,31,92,74,75,-206,-20,-21,-17,-13,0,0,0,0,4,0,6,4,22,15,25,22,53,47,48,59,120,117,143,83,120,104,115,70,67,72,160,160,191,51,299,299,280,279,453,439,487,479,480,456,510,479,554,546,417,423,29989,1024,920,441,421,0,950,624,841,405,382,325,318,316,326,318,328,324,328,320,443,410,565,563,4964,512,29946,29947,29947,29949,29951,29946,29965,29966,29965,29966,29968,29969,29971,29973,29974,29975,29974,29975,29973,29969,29969,29973,29973,29975,29971,29974,29981,29977,29977,29975,29969,29973,29977,29979,29979,29980,29980,29981,29981,29980,29982,29977,29983,29984,29976,29977,29976,29976,29975,29976,29976,29977,29977,29977,29978,29977,29977,29978,29978,29979,29979,29980,29980,29979,29981,29980,29982,11659,29983,29984,29984,29985,29977,8,8,8,8,8,8,8,8,8,8,8,8,8,8,8,8,0,8,0,0,0,8,0,8,0,0,0,8,0,0,0,0,0,0,0,0,0,0,0,0,0,0,0,0,0,0,0,0,0,0,0,0,0]} 1. e4 c5 2. Be2 Nc6 3. f4 g6 4. Nf3 Bg7 5. d3 d6 6. O-O e6 {B21: Sicilian: 2 f4 and Morra Gambit} 7. c3 Nge7 8. Na3 (8. Be3 b6 9. Nbd2 Bb7 10. a3 d5 11. Bf2 Qc7 12. e5 f6 13. d4 cxd4 14. cxd4 {1-0 (48) Kovalev,V (2639)-Demchenko,A (2660) Riadh 2017}) 8... O-O 9. Qe1 a6 10. Nc2 b5 11. Be3 $146 ({Predecessor:} 11. g4 a5 12. g5 f5 13. gxf6 Bxf6 {1-0 (44) Vokoun,J (2117)-Parizek,V (1959) Czech Republic 2016}) 11... Rb8 12. a3 a5 13. d4 cxd4 14. Nfxd4 b4 (14... Nxd4 $14 15. Nxd4 (15. Bxd4 Bxd4+ 16. Nxd4 e5 $11) 15... Qe8) 15. axb4 axb4 16. Nxb4 $2 {[%mdl 8192]} (16. cxb4 $16 {keeps the pressure on.} Nxd4 17. Nxd4 (17. Bxd4 Bxd4+ 18. Nxd4 Qb6 $11)) 16... Nxd4 $2 (16... Bxd4 $1 $19 17. Bxd4 Rxb4 {[%mdl 64] Deflection} 18. cxb4 Nxd4) 17. cxd4 $11 Qb6 18. Nc2 Qxb2 19. Rb1 Qxb1 20. Qxb1 Rxb1 21. Rxb1 Rd8 22. Rb6 d5 23. e5 $36 {[%mdl 2048] White has the initiative.} Nf5 24. Bf2 {[#] Threatens to win with g4.} h5 25. Rb8 Rf8 26. Bb5 Kh7 ({Black should play} 26... Bh6 $14) 27. g3 Rg8 28. Kg2 (28. Be1 $142) 28... f6 29. Kf3 g5 30. h3 (30. Nb4 {keeps more tension.} Rh8 31. Bd3 g4+ 32. Kg2 Kg6 33. Rb6) 30... gxf4 31. gxf4 fxe5 (31... Rf8 $142) 32. dxe5 $16 ({Resist} 32. fxe5 $6 Rf8 $16) 32... Bh6 33. Bd3 (33. Nd4 $18) 33... Kh8 $2 (33... Ba6 $1 $14 34. Bxf5+ exf5 35. Rxg8 Kxg8) 34. Bxf5 $18 exf5 35. Nd4 Bd7 $2 (35... Bg7 36. h4 Rf8) 36. Rb7 Bc8 37. Rc7 Re8 38. Bh4 Bg7 39. Bg5 Kg8 40. Kg3 Ba6 41. Nxf5 Bxe5 (41... Bf8 $18 42. Ne3 d4) 42. fxe5 (42. Nh6+ $142 Kh8 43. fxe5 Rf8 44. Bf6+ Rxf6 45. exf6 Bd3 46. Rc8+ Kh7 47. f7) 42... Rxe5 43. Kf4 (43. Ne7+ $142 Rxe7 44. Bxe7) 43... Re4+ 44. Kg3 $2 (44. Kf3 $18) 44... d4 $2 {[%mdl 8192]} (44... Re5 $11) 45. Bf6 d3 46. Rd7 (46. Rg7+ $142 Kf8 47. Be7+ Rxe7 48. Rxe7) 46... Re1 47. Nh4 Bb5 48. Rd5 Bc4 49. Rd4 Ba6 50. Nf3 Re6 51. Bg5 Rg6 52. Kh4 Rc6 53. Ne5 Rc8 54. Nxd3 (54. Kxh5 $142 {Strongly threatening Bh6.} Bb5 55. Bf6) 54... Rc4 (54... Rc3 $18 55. Nf4 Bc8 56. Kxh5 Kg7) 55. Rxc4 Bxc4 56. Nf4 Bf1 57. Kxh5 Bxh3 58. Nxh3 Kf7 59. Nf4 Ke8 60. Kg6 Kd7 61. Kf5 Kc6 62. Ke5 Kc5 63. Be7+ Kc6 64. Ne2 Kb5 65. Kd5 Kb6 66. Nd4 Kc7 67. Bb4 Kd7 68. Bc5 Kc7 69. Ke6 Kb7 70. Kd7 Ka8 71. Kc6 Kb8 72. Nb5 Ka8 73. Nc7+ Kb8 74. Bd4 Kc8 75. Ba7 Kd8 76. Nd5 Ke8 77. Bb6 Kf7 78. Kd6 Kg6 79. Ke5 Kg5 80. Nf6 Kh4 81. Kf4 Kh3 82. Bg1 Kg2 83. Bd4 Kh3 84. Kf3 Kh2 85. Be3 Kh1 86. Ne4 Kh2 87. Ng3 Kh3 88. Bg1 Kh4 89. Ne4 Kh5 90. Kf4 Kg6 91. Nd6 $2 (91. Ng5 {mates} Kg7 92. Bc5 Kf6 93. Bd6 Kg6 94. Be7 Kh5 95. Ne6 Kg6 96. Nd8) 91... Kf6 $11 {The position is equal.} 92. Bc5 Ke6 93. Ke4 Kd7 94. Kd5 Kc7 95. Nb5+ Kb7 96. Kd6 Ka8 97. Kc6 Kb8 98. Nc7 (98. Nd6 {is interesting.} Ka8 99. Kd7 Kb8 100. Ne4 Kb7 101. Nf2) 98... Kc8 99. Ba7 Kd8 100. Nd5 Ke8 101. Bd4 {[#] White threatens Bf6 and mate.} Kd8 102. Bc5 Kc8 103. Ba7 {Ne7+ would kill now.} Kd8 104. Bd4 Kc8 105. Be5 {Threatening mate with Ne7+.} Kd8 106. Nb6 (106. Ne7 {feels hotter.} Ke8 107. Nf5 Kf7 108. Kd7) 106... Ke7 107. Kd5 Kf7 108. Kd6 Kg6 109. Ke6 {White wants to mate with Bf6.} Kg5 110. Nd5 Kg4 111. Nc3 Kf3 112. Kf5 Ke3 113. Kg4 Kf2 114. Nd5 Ke2 115. Nf6 Kf2 116. Kh3 Kg1 117. Ng4 {Accuracy: White = 60%, Black = 20%.} 1/2-1/2

[Event "45th GER-ch Rapid 2019"]
[Site "Neumarkt in der Oberpfalz"]
[Date "2019.09.22"]
[Round "6.4"]
[White "Schilay, Lorenz"]
[Black "Luther, Helmut"]
[Result "1/2-1/2"]
[WhiteElo "1871"]
[BlackElo "2007"]
[Annotator "NA RC"]
[PlyCount "65"]
[EventDate "2019.09.21"]
[EventType "swiss"]
[EventCountry "GER"]
[SourceTitle "playchess.com"]
[Source "ChessBase"]
[SourceQuality "1"]
[TimeControl "900+10"]

1. e4 {[%emt 0:00:00]} d5 {[%emt 0:00:00]} 2. exd5 {[%emt 0:00:00]} Qxd5 {[%emt 0:00:00]} 3. Nc3 {[%emt 0:00:00]} Qd6 {[%emt 0:00:04]} 4. d4 {[%emt 0:00:00]} Nf6 {[%emt 0:00:04]} 5. Nf3 {[%emt 0:00:26]} g6 {[%emt 0:00:12]} 6. g3 {[%emt 0:00:26]} Bg7 {[%emt 0:00:05]} 7. Bf4 {[%emt 0:00:09]} Qd8 {[%emt 0:00:04]} 8. Bg2 {[%emt 0:00:17]} O-O {[%emt 0:00:08]} 9. O-O {[%emt 0:00:04]} c6 {[%emt 0:00:41]} 10. Re1 {[%emt 0:00:09]} Nbd7 {[%emt 0:00:41]} 11. Qd2 {[%emt 0:00:39]} Re8 {[%emt 0:00:22]} 12. Rad1 {[%emt 0:00:17]} Nd5 {[%emt 0:01:39]} 13. Nxd5 {[%emt 0:00:47]} cxd5 {[%emt 0:00:01]} 14. Ne5 {[%emt 0:00:21]} Nxe5 {[%emt 0:00:29]} 15. Bxe5 {[%emt 0:00:07]} Bg4 {[%emt 0:00:28]} 16. Rc1 {[%emt 0:00:53]} Rc8 {[%emt 0:00:55]} 17. Bxg7 {[%emt 0:00:22]} Kxg7 {[%emt 0:00:03]} 18. Qf4 {[%emt 0:00:13]} Be6 {[%emt 0:01:43]} 19. Qe5+ {[%emt 0:00:47]} Kg8 {[%emt 0:00:02]} 20. c3 {[%emt 0:01:56]} Qc7 {[%emt 0:00:22]} 21. h3 {[%emt 0:01:20]} Qd7 {[%emt 0:02:30]} 22. Kh2 {[%emt 0:00:17]} Rc6 {[%emt 0:00:05]} 23. f4 {[%emt 0:02:01]} Rb6 {[%emt 0:00:46]} 24. Re2 {[%emt 0:00:18]} f6 {[%emt 0:02:58]} 25. Qe3 {[%emt 0:00:02]} Bf7 {[%emt 0:00:32]} 26. Bf3 {[%emt 0:01:04]} Re6 {[%emt 0:00:28]} 27. Qf2 {[%emt 0:00:23]} Rxe2 {[%emt 0:00:02]} 28. Qxe2 {[%emt 0:00:05]} b5 {[%emt 0:00:53]} 29. a3 {[%emt 0:00:30]} a6 {[%emt 0:01:12]} 30. Re1 {[%emt 0:00:27]} Kf8 {[%emt 0:00:04]} 31. Bg4 {[%emt 0:00:32]} Qd6 {[%emt 0:00:13]} 32. Kg2 {[%emt 0:03:09]} Rb8 {[%emt 0:00:16]} 33. Be6 {[%emt 0:01:06]} 1/2-1/2